पाणी तुमचे आमचे (Record no. 1263047)

MARC details
000 -LEADER
fixed length control field 00694nam a2200193Ia 4500
008 - FIXED-LENGTH DATA ELEMENTS--GENERAL INFORMATION
fixed length control field 151121s9999||||xx |||||||||||||| ||und||
082 ## - DEWEY DECIMAL CLASSIFICATION NUMBER
Classification number 551।48/धाराशि
082 ## - DEWEY DECIMAL CLASSIFICATION NUMBER
Item number HNW-113997
100 ## - MAIN ENTRY--PERSONAL NAME
Personal name धाराशिवकर मुकुंद
245 ## - TITLE STATEMENT
Title पाणी तुमचे आमचे
260 ## - PUBLICATION, DISTRIBUTION, ETC. (IMPRINT)
Name of publisher, distributor, etc "मनोविकास प्रकाशन, मुंबई।"
260 ## - PUBLICATION, DISTRIBUTION, ETC. (IMPRINT)
Date of publication, distribution, etc 2013
300 ## - PHYSICAL DESCRIPTION
Extent 204
600 ## - SUBJECT ADDED ENTRY--PERSONAL NAME
Personal name धाराशिवकर मुकुंद
630 ## - SUBJECT ADDED ENTRY--UNIFORM TITLE
Uniform title पाणी तुमचे आमचे
700 ## - ADDED ENTRY--PERSONAL NAME
Personal name धाराशिवकर मुकुंद
730 ## - ADDED ENTRY--UNIFORM TITLE
Uniform title पाणी तुमचे आमचे
942 ## - ADDED ENTRY ELEMENTS (KOHA)
Koha item type Book
Holdings
Withdrawn status Lost status Damaged status Not for loan Home library Current library Date acquired Cost, normal purchase price Total Checkouts Full call number Barcode Date last seen Cost, replacement price Price effective from Koha item type
        Hirachand Nemchand Wachanalaya, Solapur Hirachand Nemchand Wachanalaya, Solapur 02/01/2014 200.00   HNW-113997 HNW-113997 11/21/2015 200.00 11/21/2015 Book